000 00682nam a22002177a 4500
003 BUBTL
008 171231b xxu||||| |||| 00| 0 eng d
020 _a978-1-118-14729-0
082 _a657.044
_bKIA
100 _922
_aKieso, Donald E.
245 _aIntermediate Accounting
_cDonald E.Keiso, Jerry J. Weygandt and Terry D. Warfield
250 _a15th
260 _aUSA
_bWiley
_c2013
300 _a[xxii] , 1557p . :
_bill , 25cm .
_cAccounting .
500 _aIncludes Index .
650 0 _95
_aAccounting
700 _91696
_aDonald E.Keiso, Jerry J. Weygandt and Terry D. Warfield
856 _k0
_l0
_yDownload
942 _2ddc
_cBK
999 _c5629
_d5629